| 000 | 00603nam a2200217Ia 4500 | ||
|---|---|---|---|
| 005 | 20240312094655.0 | ||
| 008 | 131103s9999 xx 000 0 und d | ||
| 020 |
_a8170942845 _cRs.75 |
||
| 040 | _aLoreto College | ||
| 041 | _aEnglish | ||
| 082 |
_a371.42 _bJAM |
||
| 100 | _aJamkhedkar,Shilpa | ||
| 245 |
_aCareers in Social Work, _cShilpa Jamkhedkar |
||
| 260 |
_aDelhi _bVision Books _c1997(1998printing) |
||
| 300 | _a96 p. | ||
| 504 | _aIncludes appendix | ||
| 650 | _aStudent Guidance and Counseling | ||
| 651 | _aEducation and Vocational Guidance | ||
| 850 | _aLCLIB | ||
| 942 | _cBK | ||
| 999 |
_c10486 _d60965 |
||